[Event "CZE-chT1E 1415"]
[Site "Czech Republic"]
[Date "2015.02.01"]
[Round "7.8"]
[White "Makovicka, Tadeas"]
[Black "Svancara, Petr"]
[Result "0-1"]
[WhiteElo "1967"]
[BlackElo "2080"]
[PlyCount "104"]
[EventDate "2014.10.19"]
[EventType "team-tourn"]
[EventRounds "11"]
[EventCountry "CZE"]
[SourceTitle "EXT 2016"]
[Source "ChessBase"]
[SourceDate "2015.10.08"]
[SourceVersion "1"]
[SourceVersionDate "2015.10.08"]
[SourceQuality "1"]
[WhiteTeam "Orlova Slavia"]
[BlackTeam "Grygov"]
[WhiteTeamCountry "CZE"]
[BlackTeamCountry "CZE"]

1. e4 Nf6 2. Nc3 d5 3. exd5 Nxd5 4. Nxd5 Qxd5 5. d4 g6 6. Be3 Bg7 7. Nf3 0-0 8. Be2 c6 9. 0-0 Nd7 10. Qd2 Nb6 11. b3 Bf5 12. c4 Qd7 13. Bh6 Rad8 14. Bxg7 Kxg7 15. Qc3 Kg8 16. Qe3 Qe6 17. Qd2 Qf6 18. Qa5 Nc8 19. Rfd1 b6 20. Qa4 Bg4 21. h3 Bd7 22. Ne5 Be8 23. Qa3 Qd6 24. b4 f6 25. c5 Qc7 26. Bc4+ Kg7 27. Ng4 h5 28. Ne3 Bf7 29. Bxf7 Rxf7 30. d5 Rff8 31. Rac1 b5 32. Qb3 Rfe8 33. Rd3 cxd5 34. Nxd5 Qc6 35. Nf4 Rxd3 36. Qxd3 f5 37. Rd1 e5 38. Qd7+ Qxd7 39. Rxd7+ Kf6 40. Ne2 Re7 41. Rd8 Rc7 42. Nc3 Ne7 43. Nxb5 Rb7 44. a4 Kg5 45. Rd6 Nc8 46. Rc6 Ne7 47. Rc7 Rxc7 48. Nxc7 Kf4 49. b5 Ke4 50. a5 Kd4 51. Ne6+ Kd5 52. a6 Kxe6 0-1

[Event "Graz Casino op-B"]
[Site "Graz"]
[Date "2014.02.19"]
[Round "7"]
[White "Makovicka, Tadeas"]
[Black "Landl, Margot"]
[Result "1/2-1/2"]
[WhiteElo "1994"]
[BlackElo "1774"]
[PlyCount "67"]
[EventDate "2014.02.14"]
[EventType "swiss"]
[EventRounds "9"]
[EventCountry "AUT"]
[SourceTitle "CBM 158 Extra"]
[Source "ChessBase"]
[SourceDate "2014.02.28"]
[SourceVersion "1"]
[SourceVersionDate "2014.02.28"]
[SourceQuality "1"]

1. e4 e5 2. Bc4 Nf6 3. d3 c6 4. Nf3 d5 5. Bb3 Bd6 6. Nc3 d4 7. Ne2 0-0 8. 0-0 c5 9. Ng3 Be6 10. Nh4 g6 11. Bg5 Nbd7 12. Ne2 b5 13. f4 c4 14. fxe5 Bxe5 15. Nf3 Qc7 16. dxc4 bxc4 17. Ba4 d3 18. cxd3 cxd3 19. Qxd3 Nc5 20. Qc2 Nfxe4 21. Bh6 Rfc8 22. Nxe5 Qxe5 23. Rad1 Qh5 24. Bc1 Bf5 25. Nd4 Ng3 26. Nxf5 Nxf1 27. Ne7+ Kf8 28. Nxc8 Qxh2+ 29. Kxf1 Rxc8 30. Be3 Qh1+ 31. Bg1 Qh5 32. Rc1 Qg4 33. Bb3 Qf4+ 34. Bf2 1/2-1/2